Normal view
MARC view
Entry Personal Name
001 - CONTROL NUMBER
- control field: 236652
003 - CONTROL NUMBER IDENTIFIER
- control field: OSt
005 - DATE AND TIME OF LATEST TRANSACTION
- control field: 20250820142839.0
008 - FIXED-LENGTH DATA ELEMENTS
- fixed length control field: 250820|| aca||aabn | a|a d
040 ## - CATALOGING SOURCE
- Original cataloging agency: OSt
- Transcribing agency: OSt
100 ## - HEADING--PERSONAL NAME
- Personal name: NAYAKA (Ha Ma) Ed
670 ## - SOURCE DATA FOUND
- Source citation: Work cat.: (OSt)83834: NAYAKA (Ha Ma) Ed., Kannada writers and their work 2: D V Gungappa, 1972